Funk & Wagnalls new encyclopedia of science : (Record no. 114195)
[ view plain ]
| 000 -LEADER | |
|---|---|
| fixed length control field | 00669nam a2200145 a 4500 |
| 005 - DATE AND TIME OF LATEST TRANSACTION | |
| control field | 20140414132052.0 |
| 008 - FIXED-LENGTH DATA ELEMENTS--GENERAL INFORMATION | |
| fixed length control field | 110713s19uu xx 00 eng d |
| 050 ## - LIBRARY OF CONGRESS CALL NUMBER | |
| Classification number | REF 503.21 |
| Item number | F95 Vol.4 |
| 245 ## - TITLE STATEMENT | |
| Title | Funk & Wagnalls new encyclopedia of science : |
| Remainder of title | Special projects book plus index and bibliography. |
| 260 ## - PUBLICATION, DISTRIBUTION, ETC. (IMPRINT) | |
| Place of publication, distribution, etc | [New York] : Funk & Wagnalls ; Milwaukee, Wis. : |
| Name of publisher, distributor, etc | Inquires to Raintree Pub., |
| Date of publication, distribution, etc | c1986. |
| 520 ## - SUMMARY, ETC. | |
| Summary, etc | Contains illustrated, alphabetically-arranged articles on a variety of scientific topics. Also includes a volume of related projects and activities. |
| 650 ## - SUBJECT ADDED ENTRY--TOPICAL TERM | |
| Topical term or geographic name as entry element | Science |
| General subdivision | Encyclopedias, Juvenile. |
| 650 ## - SUBJECT ADDED ENTRY--TOPICAL TERM | |
| Topical term or geographic name as entry element | Science |
| General subdivision | Encyclopedias. |
| Withdrawn status | Lost status | Damaged status | Home library | Current library | Shelving location | Date acquired | Source of acquisition | Total Checkouts | Full call number | Barcode | Date last seen | Price effective from | Koha item type |
|---|---|---|---|---|---|---|---|---|---|---|---|---|---|
| Munich Library | Munich Library | Reference Section | 07/13/2011 | REF 503.21 F95 Vol.4 | M5950 | 04/14/2014 | 04/14/2014 | Books |